QUEST Central Library Banner

What every engineer should know about (Record no. 14848)

MARC details
000 -LEADER
fixed length control field 00238nam a22001097a 4500
082 ## - DEWEY DECIMAL CLASSIFICATION NUMBER
Classification number 621.366WIN
100 ## - MAIN ENTRY--AUTHOR NAME
Personal name Winburn
245 ## - TITLE STATEMENT
Title What every engineer should know about
260 ## - PUBLICATION, DISTRIBUTION, ETC. (IMPRINT)
Place of publication New York
Name of publisher Marcel
Year of publication 1987
300 ## - PHYSICAL DESCRIPTION
Number of Pages 203
942 ## - ADDED ENTRY ELEMENTS (KOHA)
Koha item type Books
Holdings
Withdrawn status Lost status Home library Current library Date acquired Cost, normal purchase price Full call number Accession Number Koha item type
    Central Library, QUEST, Nawabshah Central Library, QUEST, Nawabshah 25/11/2015 928.20 621.366WIN 13580 Books

Copyright © 2018,The QUEST, Nawabshah, Shaheed Benazirabad. All rights reserved
Mr. G. Farooq Channar (Librarian) QUEST, Nawabshah, Sindh, Pakistan 67480.
 Ph#: |   0244-9370381-4 Ext. 2308   Email| lib@quest.edu.pk   Web|  http://www.quest.edu.pk